American naturalization processes and procedures, 1790-1985 /

Bibliographic Details
Main Author: Newman, John J.
Format: Book
Language:English
Published: Indianapolis, Ind. (315 W. Ohio St., Indianapolis 46202) : Family History Section, Indiana Historical Society, 1985.
Subjects:

MARC

Tag First Indicator Second Indicator Subfields
LEADER 00000cam a2200000 a 4500
001 in00000035187
005 20151007055323.0
008 870129s1985 inua b 00010 eng
010 |a  87107951  
035 |a (OCoLC)12388755 
035 |9 AAB7893AM 
040 |a DLC  |c DLC  |d ISL  |d IUD  |d NCS  |d MHS  |d VPI  |d TXA  |d UtOrBLW 
043 |a n-us--- 
049 |a TXAM  |c [A11535489] 
050 0 0 |a KF4710  |b .N49 1985 
082 0 |a 323.6/23/0973  |2 19 
100 1 |a Newman, John J. 
245 1 0 |a American naturalization processes and procedures, 1790-1985 /  |c by John J. Newman. 
264 1 |a Indianapolis, Ind. (315 W. Ohio St., Indianapolis 46202) :  |b Family History Section, Indiana Historical Society,  |c 1985. 
300 |a 43 pages :  |b illustrations ;  |c 28 cm. 
336 |a text  |b txt  |2 rdacontent 
337 |a unmediated  |b n  |2 rdamedia 
338 |a volume  |b nc  |2 rdacarrier 
500 |a "An expanded version of a paper delivered to the National Genealogical Society, Salt Lake City, Utah, August 7, 1985"--Title page verso. 
504 |a Bibliography: pages 28-30. 
650 0 |a Naturalization  |z United States  |x History. 
999 |a MARS 
999 f f |s 7c68f590-826a-3014-92f1-55df24528979  |i 7fb3f664-f49d-3c3f-8b5c-58e60b72198c  |t 0 
952 f f |p normal  |a Texas A&M University  |b College Station  |c Sterling C. Evans Library  |d Evans: Library Stacks  |t 0  |e KF4710 .N49 1985  |h Library of Congress classification  |i unmediated -- volume  |m A14811535489 
998 f f |a KF4710 .N49 1985  |t 0  |l Evans: Library Stacks